[Event "CRO-ch U15 Girls"]
[Site "Trogir"]
[Date "2023.06.23"]
[Round "4"]
[White "Car, Lana"]
[Black "Vucenovic, Diara"]
[Result "0-1"]
[WhiteElo "1228"]
[BlackElo "1307"]
[PlyCount "34"]
[EventDate "2023.06.21"]
[EventType "swiss"]
[EventRounds "9"]
[EventCountry "CRO"]
[SourceTitle "EXT 2024"]
[Source "ChessBase"]
[SourceDate "2023.10.10"]
[SourceVersion "1"]
[SourceVersionDate "2023.10.10"]
[SourceQuality "1"]

1. d4 d5 2. Bf4 Nf6 3. e3 e6 4. Nd2 Bd6 5. Bg3 b6 6. Ngf3 Bb7 7. Bd3 Nbd7 8. Bxd6 cxd6 9. c4 0-0 10. 0-0 Re8 11. cxd5 Nxd5 12. Nc4 Qe7 13. Re1 Rac8 14. Nfd2 Red8 15. Na5 Ba8 16. Rc1 Qg5 17. Rc2 Qxg2+ 0-1

[Event "CRO-ch U15 Girls"]
[Site "Trogir"]
[Date "2023.06.21"]
[Round "2"]
[White "Vinkovic, Hana"]
[Black "Car, Lana"]
[Result "0-1"]
[WhiteElo "1210"]
[BlackElo "1228"]
[PlyCount "54"]
[EventDate "2023.06.21"]
[EventType "swiss"]
[EventRounds "9"]
[EventCountry "CRO"]
[SourceTitle "EXT 2024"]
[Source "ChessBase"]
[SourceDate "2023.10.10"]
[SourceVersion "1"]
[SourceVersionDate "2023.10.10"]
[SourceQuality "1"]

1. e4 c5 2. c3 d5 3. exd5 Qxd5 4. d4 Nc6 5. Nf3 Bg4 6. Be2 0-0-0 7. Be3 e6 8. dxc5 Qxd1+ 9. Bxd1 Ne5 10. Nbd2 Nd3+ 11. Ke2 Bxc5 12. Bxc5 Nxc5 13. Bc2 Nf6 14. Rhe1 Nd5 15. g3 Nb6 16. Kf1 Nd3 17. Bxd3 Rxd3 18. Re3 Rxe3 19. fxe3 Rd8 20. Ke1 f6 21. Nd4 e5 22. Nc2 Bf5 23. e4 Bg6 24. Ne3 Na4 25. Rb1 Nc5 26. Nf5 Rd7 27. b4 Nxe4 0-1

[Event "CRO-chT U16 Girls"]
[Site "Djurdjevac"]
[Date "2021.12.19"]
[Round "4.1"]
[White "Vidovic, Petra"]
[Black "Car, Lana"]
[Result "1-0"]
[WhiteElo "1516"]
[BlackElo "1228"]
[PlyCount "39"]
[EventDate "2021.12.18"]
[EventType "team-tourn"]
[EventRounds "5"]
[EventCountry "CRO"]
[SourceTitle "EXT 2023"]
[Source "ChessBase"]
[SourceDate "2022.10.05"]
[SourceVersion "1"]
[SourceVersionDate "2022.10.05"]
[SourceQuality "1"]
[WhiteTeam "Djurdjevac Picok (W)"]
[BlackTeam "Sveti Ivan Zabno (W)"]
[WhiteTeamCountry "CRO"]
[BlackTeamCountry "CRO"]

1. e4 e5 2. Nf3 Nc6 3. d4 exd4 4. Bc4 Nf6 5. e5 Qe7 6. 0-0 Ne4 7. Re1 Nxf2 8. Kxf2 Qc5 9. Bd3 Be7 10. Nbd2 0-0 11. Kg1 d6 12. exd6 Bxd6 13. Ne4 Qh5 14. Nxd6 cxd6 15. Bf4 Bg4 16. Bxd6 Rfe8 17. Rxe8+ Rxe8 18. Be2 Re6 19. Bg3 f5 20. Bc4 1-0

[Event "CRO-ch U11 Girls"]
[Site "Trogir"]
[Date "2020.08.24"]
[Round "2"]
[White "Roncevic, Nika"]
[Black "Car, Lana"]
[Result "0-1"]
[WhiteElo "1630"]
[BlackElo "1600"]
[PlyCount "41"]
[EventDate "2020.08.24"]
[EventType "swiss"]
[EventRounds "9"]
[EventCountry "CRO"]
[SourceTitle "CBM 198 Extra"]
[Source "ChessBase"]
[SourceDate "2020.11.30"]
[SourceVersion "1"]
[SourceVersionDate "2020.11.30"]
[SourceQuality "1"]

1. e4 Nc6 2. d4 e6 3. Nf3 d5 4. Nc3 Nf6 5. exd5 exd5 6. Bb5 Bd6 7. Bxc6+ bxc6 8. 0-0 Be7 9. Re1 0-0 10. Bf4 Bb7 11. Nh4 g6 12. Bd2 Re8 13. Qf3 Qd7 14. Re2 Ne4 15. Nxe4 dxe4 16. Qxe4 Bxh4 17. Qxe8+ Rxe8 18. Rxe8+ Qxe8 19. Bh6 Bf6 20. Kf1 Bg7 21. Re1 0-1